000 00327nam a2200145Ia 4500
100 _aNational Business
942 _cBK
654 _aBusiness management
245 _aSuccessful Business Management
260 _bA business Leaders Book
_aLondon
082 _a658
_bNAT
300 _a333
546 _aENGLISH
999 _c23204
_d23204